Tổng tập văn học dân gian các dân tộc thiểu số Việt Nam. t.XVII, Dân ca lao động; Dân ca nghi lễ và phong tục /
محفوظ في:
| مؤلف مشترك: | |
|---|---|
| التنسيق: | Sách giấy |
| اللغة: | Vietnamese |
| منشور في: |
H. :
Khoa học Xã hội,
2008.
|
| الموضوعات: | |
| الوسوم: |
إضافة وسم
لا توجد وسوم, كن أول من يضع وسما على هذه التسجيلة!
|
| Thư viện lưu trữ: | Thư viện Trường Đại học Đà Lạt |
|---|
| LEADER | 00955nam a2200337 4500 | ||
|---|---|---|---|
| 001 | DLU090065764 | ||
| 005 | ##20090424 | ||
| 040 | # | # | |a DLU |b vie |
| 041 | # | # | |a vie |
| 044 | # | # | |a vn |
| 082 | # | # | |a 398.209 597 |b Ton |
| 245 | # | # | |a Tổng tập văn học dân gian các dân tộc thiểu số Việt Nam. |n t.XVII, |p Dân ca lao động; Dân ca nghi lễ và phong tục / |c Viện Nghiên cứu Văn hoá. |
| 260 | # | # | |a H. : |b Khoa học Xã hội, |c 2008. |
| 300 | # | # | |a 987 tr. ; |c 24 cm. |
| 653 | # | # | |a Dân ca Việt Nam |
| 653 | # | # | |a Sưu tầm văn học |
| 653 | # | # | |a Văn học dân gian Việt Nam |
| 653 | # | # | |a Văn học Việt Nam |
| 710 | # | # | |a Viện Nghiên cứu Văn hoá. |
| 923 | # | # | |a 24/2008 |
| 990 | # | # | |a t.XVII |
| 991 | # | # | |a SH |
| 992 | # | # | |a 50000 |
| 994 | # | # | |a DLU |
| 900 | # | # | |a True |
| 911 | # | # | |a Đào Thị Thu Huyền |
| 925 | # | # | |a G |
| 926 | # | # | |a A |
| 927 | # | # | |a SH |
| 980 | # | # | |a Thư viện Trường Đại học Đà Lạt |